[Event "49th Capablanca Mem Open I 2014"]
[Site "Havana CUB"]
[Date "2014.05.08"]
[Round "1.25"]
[White "Rasmussen, Karsten"]
[Black "Vargas Rodriguez, Wilver"]
[Result "1/2-1/2"]
[WhiteTitle "IM"]
[WhiteElo "2430"]
[BlackElo "2247"]
[WhiteFideId "1400088"]
[BlackFideId "3509672"]
[EventDate "2014.04.08"]

1. c4 c6 2. e4 d5 3. cxd5 cxd5 4. d4 Nf6 5. Nc3 e6 6. Nf3 Be7 7. exd5 Nxd5 8.
Bc4 Nc6 9. O-O O-O 10. Re1 a6 11. Bb3 Nxc3 12. bxc3 Bf6 13. Qd3 b5 14. h4 Bb7
15. Ng5 g6 16. Ne4 Bxh4 17. a4 Na5 18. Bc2 Nc4 19. Rb1 Bc6 20. Qh3 Be7 21. Qh6
f5 22. Ng5 Bxg5 23. Qxg5 Qxg5 24. Bxg5 Rfe8 25. Bd3 Kf7 26. Bxc4 bxc4 27. Rb6
Rec8 28. Reb1 Kg7 29. R1b4 Bd5 30. Rd6 Ra7 31. a5 h6 32. Bd8 g5 33. Bb6 Rb7 34.
Bc5 Rxb4 35. Bxb4 Rc6 36. Rd7+ Kg6 37. Bd6 Rc8 38. Be5 h5 39. g3 f4 40. gxf4
gxf4 41. Bxf4 1/2-1/2

[Event "49th Capablanca Mem Open I 2014"]
[Site "Havana CUB"]
[Date "2014.05.08"]
[Round "1.26"]
[White "Llaudy Pupo, Lisandra"]
[Black "Oliva Castaneda, Kevel"]
[Result "0-1"]
[WhiteTitle "WIM"]
[BlackTitle "FM"]
[WhiteElo "2246"]
[BlackElo "2428"]
[WhiteFideId "3506487"]
[BlackFideId "3500799"]
[EventDate "2014.04.08"]

1. e4 c5 2. Nf3 e6 3. d4 cxd4 4. Nxd4 Nc6 5. Nb5 d6 6. c4 Nf6 7. N1c3 a6 8. Na3
b6 9. Be3 Be7 10. Be2 Bb7 11. Qb3 Nd7 12. O-O Nc5 13. Qc2 Bf6 14. Rfd1 O-O 15.
Rac1 Qe7 16. Nab1 Nb4 17. Qd2 Rfd8 18. Qe1 a5 19. a3 Nc6 20. Rc2 a4 21. Bf1 Be5
22. f3 g6 23. Kh1 Rd7 24. Nb5 Rf8 25. N1c3 f5 26. exf5 Rxf5 27. Ne2 Rf8 28. f4
Bf6 29. Nec3 Nd8 30. Re2 Bh4 31. Qd2 Nf7 32. Bxc5 bxc5 33. Nxa4 Rdd8 34. Qe3
Rfe8 35. Qh3 e5 36. Nb6 Qf6 37. Nc3 exf4 38. Rxe8+ Rxe8 39. Nbd5 Bxd5 40. Nxd5
Qg5 41. Qf3 Rb8 42. Rb1 Ne5 43. Qxf4 Rb3 44. Qe4 Ng4 45. Qe6+ Kg7 46. Nc3 Qf4
47. g3 Bxg3 48. Qe7+ Kh6 49. Qe2 Bf2 0-1

[Event "49th Capablanca Mem Open I 2014"]
[Site "Havana CUB"]
[Date "2014.05.08"]
[Round "1.27"]
[White "Borges Feria, Yasel"]
[Black "Girones Barrios, Yans Richard"]
[Result "1-0"]
[WhiteTitle "FM"]
[BlackTitle "FM"]
[WhiteElo "2427"]
[BlackElo "2274"]
[WhiteFideId "3504921"]
[BlackFideId "3506142"]
[EventDate "2014.04.08"]

1. Nf3 Nf6 2. c4 e6 3. g3 d5 4. d4 dxc4 5. Qa4+ Nbd7 6. Bg2 a6 7. Qxc4 b5 8. Qc2
Bb7 9. O-O c5 10. Be3 Rc8 11. dxc5 Bxc5 12. Bxc5 Nxc5 13. Rd1 Qb6 14. e3 O-O 15.
Qe2 Rfd8 16. Nbd2 Nfe4 17. Rac1 Nxd2 18. Rxd2 Rxd2 19. Qxd2 h6 20. b4 Ne4 21.
Rxc8+ Bxc8 22. Qc2 Nd6 23. Ne5 f6 24. Ng6 Qd8 25. Qc5 Kf7 26. Nf4 Nc4 27. Bf3
Ne5 28. Be4 Qd7 29. Ne2 Qd1+ 30. Kg2 Qxe2 31. Qxc8 f5 32. Bd5 exd5 33. Qxf5+ Kg8
34. Qxe5 Qc4 35. a3 Kh7 36. Qf5+ Kh8 37. h4 Qc6 38. Kh2 Qc1 39. Kg2 Qc6 40. Kh2
Qc1 41. Kg2 Qc6 42. Qf8+ Kh7 43. Qc5 Qe6 44. Qd4 Qf5 45. g4 Qe6 46. h5 Qc6 47.
Qc5 Qd7 48. Kg3 Qe6 49. Qc2+ Kh8 50. Qg6 Qc8 51. Qd6 Qa8 52. Kf4 a5 53. bxa5
Qxa5 54. Qxd5 Qxa3 55. Qxb5 Qc1 56. Qe8+ Kh7 57. Qe4+ Kh8 58. Kg3 Qe1 59. Kg2 1-0

[Event "49th Capablanca Mem Open I 2014"]
[Site "Havana CUB"]
[Date "2014.05.08"]
[Round "1.28"]
[White "Gil Alba, Hector Luis"]
[Black "Soto Hernandez, Henry"]
[Result "0-1"]
[WhiteTitle "FM"]
[BlackTitle "FM"]
[WhiteElo "2244"]
[BlackElo "2421"]
[WhiteFideId "3504670"]
[BlackFideId "3507475"]
[EventDate "2014.04.08"]

1. e4 c6 2. d4 d5 3. e5 Bf5 4. Nf3 e6 5. a3 Nd7 6. Nbd2 f6 7. Be2 Qc7 8. O-O
fxe5 9. Nxe5 Nxe5 10. dxe5 Qxe5 11. Nf3 Qc7 12. Nd4 Bd6 13. f4 Qf7 14. c4 Ne7
15. cxd5 exd5 16. Nxf5 Nxf5 17. Bd3 O-O-O 18. Qc2 g6 19. b4 Rhe8 20. Qf2 Kb8 21.
Bxf5 Qxf5 22. Be3 a6 23. Ba7+ Ka8 24. Bb6 Rd7 25. Rae1 Rde7 26. Rxe7 Rxe7 27.
Qd4 Qf8 28. Qd3 Re4 29. g3 Bb8 30. Qf3 Ba7 31. Bxa7 Kxa7 32. g4 Qf6 33. Kh1 Re7
34. f5 gxf5 35. gxf5 Qe5 36. f6 Rf7 37. Kg2 Kb8 38. Qg3 Qxg3+ 39. Kxg3 Kc7 40.
Kg4 Kd6 41. Kf5 b6 42. Re1 d4 43. Re6+ Kd5 44. Re7 Rf8 45. Rd7+ Kc4 46. f7 d3
47. Ke4 d2 48. Rxd2 Rxf7 49. Rc2+ Kb5 50. Kd4 Rf3 51. a4+ Kxa4 52. Rxc6 Rf4+ 53.
Kc3 Rxb4 54. Rh6 a5 55. Rxh7 b5 56. h4 Rb3+ 57. Kc2 Rh3 58. h5 b4 59. h6 Rh2+
60. Kc1 Ka3 0-1

[Event "49th Capablanca Mem Open I 2014"]
[Site "Havana CUB"]
[Date "2014.05.08"]
[Round "1.29"]
[White "Leyva Rivera, Yunier"]
[Black "Pazos Gambarrotti, Plinio"]
[Result "1-0"]
[WhiteTitle "FM"]
[BlackTitle "IM"]
[WhiteElo "2417"]
[BlackElo "2240"]
[WhiteFideId "3505065"]
[BlackFideId "3600068"]
[EventDate "2014.04.08"]

1. Nf3 Nf6 2. c4 e6 3. g3 d5 4. Bg2 Be7 5. O-O O-O 6. b3 a5 7. Nc3 Nbd7 8. d4 c6
9. Bb2 Re8 10. Qc2 Bf8 11. Rfd1 Qc7 12. e4 dxe4 13. Nxe4 Nxe4 14. Qxe4 Nf6 15.
Qc2 a4 16. Ne5 Rd8 17. Bf3 Bd7 18. Kg2 Be8 19. h4 Ra6 20. Rab1 axb3 21. axb3
Rda8 22. Nd3 Ra2 23. Ra1 Nd7 24. Rxa2 Rxa2 25. Ra1 Rxa1 26. Bxa1 Qa5 27. Bc3 Qa7
28. Qb2 Qa3 29. Qxa3 Bxa3 30. Kf1 Be7 31. Ke2 Kf8 32. Ke3 Bf6 33. Bb4+ Be7 34.
Bd2 Bd6 35. Bc3 g6 36. Bg2 h5 37. Bb4 Ke7 38. f4 Nf6 39. Bf3 Bxb4 40. Nxb4 Kd6
41. Nd3 Nd7 42. Kd2 b6 43. Kc3 c5 44. b4 f6 45. Bg2 Bf7 46. dxc5+ bxc5 47. Nf2
Ke7 48. Nd3 Kd6 49. Nf2 Ke7 50. bxc5 Nxc5 51. Kb4 Kd6 52. Ne4+ Nxe4 53. Bxe4 e5
54. c5+ Kc7 55. fxe5 fxe5 56. Kb5 Bb3 57. Bxg6 Bd1 58. Be4 Be2+ 59. Kb4 Bg4 60.
Kc4 Be6+ 61. Kd3 Bg4 62. Ke3 Bd7 63. Bg6 Kc6 64. Ke4 Kxc5 65. Kxe5 Bg4 66. Be8
Bd1 67. Bf7 Be2 68. Kf6 Kd6 69. Kg5 Ke7 70. Bxh5 Bd3 71. Bg6 Be2 72. Kh6 Kf8 73.
Kh7 Bg4 74. Be4 Be2 75. Bf5 Kf7 76. g4 Kf6 77. Kh6 Kf7 78. g5 1-0

[Event "49th Capablanca Mem Open I 2014"]
[Site "Havana CUB"]
[Date "2014.05.08"]
[Round "1.30"]
[White "Lopez Gonzalez, Abel Fabian"]
[Black "Aguero Jimenez, Luis Lazaro"]
[Result "0-1"]
[BlackTitle "IM"]
[WhiteElo "2234"]
[BlackElo "2416"]
[WhiteFideId "3512673"]
[BlackFideId "3508455"]
[EventDate "2014.04.08"]

1. e4 c5 2. Nf3 e6 3. d4 cxd4 4. Nxd4 Nf6 5. Bd3 Nc6 6. Nxc6 bxc6 7. O-O d5 8.
Nd2 Be7 9. c4 O-O 10. Qc2 h6 11. b3 a5 12. Bb2 Ba6 13. Rad1 Qb6 14. cxd5 cxd5
15. Bxa6 Qxa6 16. Bxf6 Bxf6 17. exd5 exd5 18. Nf3 Rfd8 19. Rd3 Rac8 20. Qd2 d4
21. Rd1 Rc3 22. g3 Re8 23. h3 a4 24. bxa4 Qxa4 25. Qf4 Qxa2 26. R3d2 Qa8 27. Rd3
Qa6 28. R3d2 Qb7 29. Kg2 Bg5 0-1

[Event "49th Capablanca Mem Open I 2014"]
[Site "Havana CUB"]
[Date "2014.05.08"]
[Round "1.31"]
[White "Blanco Ronquillo, Humberto L."]
[Black "Miranda Llanes, Yerisbel"]
[Result "1-0"]
[WhiteTitle "IM"]
[BlackTitle "WIM"]
[WhiteElo "2416"]
[BlackElo "2229"]
[WhiteFideId "3504239"]
[BlackFideId "3507700"]
[EventDate "2014.04.08"]

1. d4 d5 2. c4 c6 3. Nc3 Nf6 4. e3 e6 5. Nf3 Nbd7 6. Qc2 Bd6 7. Bd3 O-O 8. O-O
dxc4 9. Bxc4 b5 10. Be2 Bb7 11. e4 e5 12. Rd1 Qb8 13. dxe5 Nxe5 14. Nd4 Neg4 15.
h3 Nxf2 16. Kxf2 b4 17. Na4 c5 18. Nf3 Nxe4+ 19. Kg1 Re8 20. Bc4 Nf6 21. Qb3 Re7
22. Bg5 Bf4 23. Re1 Be4 24. Bxf6 gxf6 25. Bd5 1-0

[Event "49th Capablanca Mem Open I 2014"]
[Site "Havana CUB"]
[Date "2014.05.08"]
[Round "1.32"]
[White "Feibert, Fred"]
[Black "Fargere, Francois"]
[Result "1/2-1/2"]
[WhiteTitle "FM"]
[BlackTitle "GM"]
[WhiteElo "2226"]
[BlackElo "2407"]
[WhiteFideId "4610750"]
[BlackFideId "615935"]
[EventDate "2014.04.08"]

1. d4 Nf6 2. Nf3 d5 3. Bf4 c5 4. e3 Qb6 5. Nc3 Bd7 6. Rb1 e6 7. Be2 Be7 8. O-O
O-O 9. Ne5 cxd4 10. exd4 Nc6 11. Bg5 Rfd8 12. Bd3 Be8 13. Nxc6 bxc6 14. Na4 Qc7
15. Re1 Rdb8 16. c3 a5 17. Qf3 Qd8 18. Qh3 g6 19. Nc5 Ra7 20. b3 Bd7 21. Qh4 Bc8
22. Re3 Nh5 23. Bxe7 Qxe7 24. Qxe7 Rxe7 25. g3 Nf6 26. Ree1 Nd7 27. b4 axb4 28.
cxb4 Ra8 29. Rb2 Nxc5 30. dxc5 Rea7 31. Bb1 Ba6 32. a4 Bc4 33. Bc2 Rb8 34. f4
Rab7 35. Reb1 f6 36. Kf2 Kf7 37. Ke3 e5 38. fxe5 fxe5 39. Bd3 Bxd3 40. Kxd3 Ke6
41. b5 Ra7 42. bxc6 Rxb2 43. Rxb2 Rxa4 44. Rb8 Ra3+ 45. Kd2 Ra7 46. Rd8 Rc7 47.
Rd6+ Kf5 48. Rxd5 Rxc6 49. Kd3 Ra6 50. Kc4 Ra2 51. c6 Ke6 52. Rd8 e4 53. Kc5
Rc2+ 54. Kb6 Rb2+ 55. Ka6 Rc2 56. Kb7 Rb2+ 57. Ka6 Ra2+ 58. Kb7 Rb2+ 1/2-1/2

[Event "49th Capablanca Mem Open I 2014"]
[Site "Havana CUB"]
[Date "2014.05.08"]
[Round "1.33"]
[White "Sanchez Enriquez, Oscar Gerardo"]
[Black "Alvarez Fernandez, Carlos Rene"]
[Result "1/2-1/2"]
[WhiteTitle "FM"]
[WhiteElo "2405"]
[BlackElo "2226"]
[WhiteFideId "5106311"]
[BlackFideId "3501507"]
[EventDate "2014.04.08"]

1. Nf3 Nf6 2. d4 g6 3. c4 Bg7 4. Nc3 O-O 5. Bg5 h6 6. Bh4 d6 7. e3 Nbd7 8. Be2
g5 9. Bg3 Nh5 10. Nd2 Nxg3 11. hxg3 c5 12. d5 Nf6 13. Qc2 e6 14. dxe6 Bxe6 15.
O-O Qe7 16. Rad1 d5 17. cxd5 Nxd5 18. Nxd5 Bxd5 19. Bf3 Rad8 20. a4 Be6 21. b3
Rd7 22. Nc4 Rfd8 23. Na5 Rxd1 24. Rxd1 Rxd1+ 25. Qxd1 b6 26. Nc4 Qf6 27. Bg4
Bxc4 28. bxc4 Qa1 29. Qxa1 Bxa1 1/2-1/2

[Event "49th Capablanca Mem Open I 2014"]
[Site "Havana CUB"]
[Date "2014.05.08"]
[Round "1.34"]
[White "Bueno Perez, Lazaro Antonio"]
[Black "Alarcon Casellas, Rolando"]
[Result "1/2-1/2"]
[WhiteTitle "IM"]
[BlackTitle "IM"]
[WhiteElo "2225"]
[BlackElo "2394"]
[WhiteFideId "3500691"]
[BlackFideId "3507610"]
[EventDate "2014.04.08"]

1. Nf3 d5 2. b3 Nf6 3. Bb2 Bf5 4. e3 e6 5. Be2 h6 6. O-O Be7 7. d3 O-O 8. Nbd2
a5 9. Ne5 c6 10. a3 Nbd7 11. Ndf3 Bh7 12. c4 Bd6 13. Qd2 Qe7 14. Bc3 Nc5 15. Qc2
a4 16. b4 Nb3 17. Ra2 c5 18. bxc5 Bxc5 19. Nd2 d4 20. exd4 Nxd4 21. Bxd4 Bxd4
22. Ndf3 Bxe5 23. Nxe5 Qc7 24. Qb2 Rfd8 25. Rd1 Ra6 26. Bf3 Rb6 27. Qe2 Qc5 28.
Rb2 g5 29. g3 Kg7 30. Rdb1 Rxb2 31. Rxb2 b6 32. Rb4 Qd4 33. Rxa4 Bxd3 34. Nxd3
Qxd3 35. Qxd3 Rxd3 36. Kg2 g4 37. Bc6 Rd6 38. Ba8 h5 39. Rb4 Nd7 40. Rb5 f5 41.
a4 Rd2 42. Bc6 Kf6 43. Bxd7 Rxd7 44. Rxb6 Ra7 45. Rb4 Ke5 46. h3 Kd4 1/2-1/2

[Event "49th Capablanca Mem Open I 2014"]
[Site "Havana CUB"]
[Date "2014.05.08"]
[Round "1.35"]
[White "Souleidis, Georgios"]
[Black "Hernandez Moya, Yuleisy"]
[Result "0-1"]
[WhiteTitle "IM"]
[BlackTitle "WIM"]
[WhiteElo "2387"]
[BlackElo "2222"]
[WhiteFideId "4206827"]
[BlackFideId "3511685"]
[EventDate "2014.04.08"]

1. e4 e6 2. d4 d5 3. Nc3 dxe4 4. Nxe4 Bd7 5. Nf3 Bc6 6. Bd3 Nd7 7. O-O Ngf6 8.
Ned2 Be7 9. Re1 Bxf3 10. Qxf3 c6 11. Nc4 O-O 12. c3 Re8 13. Bf4 Nf8 14. Rad1 Qd5
15. Qe2 Ng6 16. Be5 Rad8 17. g3 Qd7 18. h4 Nd5 19. h5 Nf8 20. Bxg7 Kxg7 21. Ne5
Qc8 22. Qg4+ Ng6 23. hxg6 f5 24. Qf3 hxg6 25. Re2 Rh8 26. Rde1 Rh6 27. Bc4 Rdh8
28. Bxd5 cxd5 29. Nd3 g5 30. Qg2 Bd6 31. f3 R8h7 32. Nf2 Kf7 33. Re3 Qh8 34. Kf1
Rh2 35. Qg1 Rh1 36. Nxh1 Rxh1 37. Rxe6 0-1

[Event "49th Capablanca Mem Open I 2014"]
[Site "Havana CUB"]
[Date "2014.05.08"]
[Round "1.36"]
[White "Lebredo Zaragoitia, Gerardo"]
[Black "Della Morte, Pablo"]
[Result "1/2-1/2"]
[WhiteTitle "IM"]
[BlackTitle "IM"]
[WhiteElo "2211"]
[BlackElo "2386"]
[WhiteFideId "3500845"]
[BlackFideId "108448"]
[EventDate "2014.04.08"]

1. d4 Nf6 2. c4 g6 3. Nc3 Bg7 4. Nf3 O-O 5. Bg5 d6 6. e3 c5 7. d5 h6 8. Bh4 g5
9. Bg3 Nh5 10. Bd3 Nxg3 11. hxg3 e6 12. Qc2 Nc6 1/2-1/2

[Event "49th Capablanca Mem Open I 2014"]
[Site "Havana CUB"]
[Date "2014.05.08"]
[Round "1.37"]
[White "Alvarez Ferreiro, Roberto"]
[Black "Albornoz Cabrera, Carlos Daniel"]
[Result "0-1"]
[WhiteTitle "FM"]
[WhiteElo "2382"]
[BlackElo "2194"]
[WhiteFideId "3503038"]
[BlackFideId "3518736"]
[EventDate "2014.04.08"]

1. d4 Nf6 2. Nf3 g6 3. c4 Bg7 4. Nc3 O-O 5. e4 d6 6. h3 e5 7. d5 a5 8. g4 Na6 9.
Bg5 Nc5 10. Nd2 c6 11. Be2 Bd7 12. h4 Qb6 13. Be3 Qxb2 14. Rc1 cxd5 15. cxd5 Na4
16. Ndb1 Nxc3 17. Nxc3 Rac8 18. Bd2 Qb4 19. Bf3 Bxg4 20. Rb1 Bxf3 21. Qxf3 Rxc3 0-1

[Event "49th Capablanca Mem Open I 2014"]
[Site "Havana CUB"]
[Date "2014.05.08"]
[Round "1.38"]
[White "Madrigal, Mariano"]
[Black "Diaz Murgada, Rider"]
[Result "0-1"]
[WhiteTitle "IM"]
[BlackTitle "FM"]
[WhiteElo "2190"]
[BlackElo "2375"]
[WhiteFideId "6100961"]
[BlackFideId "3506703"]
[EventDate "2014.04.08"]

1. e4 c5 2. Nf3 Nc6 3. Bb5 e6 4. O-O Nge7 5. c3 a6 6. Bxc6 Nxc6 7. d4 d5 8. e5
cxd4 9. cxd4 Be7 10. Bf4 Bd7 11. Nc3 Rc8 12. Rc1 Na5 13. b3 O-O 14. Qd3 Nc6 15.
Rfe1 b5 16. h3 Qb6 17. Ne2 Nb4 18. Qd2 Rfe8 19. Nc3 Qa5 20. Bg5 Bf8 21. h4 Rc7
22. h5 h6 23. Bf4 Rec8 24. Red1 Nd3 25. Qxd3 Rxc3 26. Rxc3 Rxc3 27. Qe2 b4 28.
Ne1 Bb5 29. Qb2 Qc7 30. Bd2 Rc6 31. Rc1 a5 32. Rxc6 Qxc6 33. f3 Be7 34. Kf2 Ba6
35. Kg3 Qb5 36. Be3 Qf1 37. Bf2 Qh1 38. f4 Qh4+ 39. Kf3 Qxh5+ 40. Ke3 g5 41. g3
Qh3 42. Nf3 Qf5 43. Ne1 gxf4+ 44. gxf4 Qe4+ 45. Kd2 Qxf4+ 46. Be3 Qh2+ 47. Kc1
Qxb2+ 48. Kxb2 h5 49. Bf2 Kh7 50. Kc2 Kg6 51. Nf3 Kf5 0-1

[Event "49th Capablanca Mem Open I 2014"]
[Site "Havana CUB"]
[Date "2014.05.08"]
[Round "1.39"]
[White "Fernandez Hernandez, Arturo A."]
[Black "Nunez Rocio, Fernando"]
[Result "1/2-1/2"]
[WhiteTitle "FM"]
[WhiteElo "2367"]
[BlackElo "2185"]
[WhiteFideId "3509230"]
[BlackFideId "3511758"]
[EventDate "2014.04.08"]

1. d4 g6 2. c4 Bg7 3. Nf3 d6 4. g3 Nf6 5. Bg2 O-O 6. Nc3 c5 7. d5 Nbd7 8. O-O b6
9. Bh3 a6 10. a4 Bb7 11. Ne1 Ne8 12. e4 Nc7 13. f4 b5 14. axb5 axb5 15. Rxa8
Qxa8 16. Nxb5 Nxb5 17. cxb5 Qa5 18. Qe2 Ra8 19. Rf3 c4 20. Nc2 Qxb5 21. Na3 Qc5+
22. Be3 Qb4 23. Nxc4 Ba6 24. Bf1 Rc8 25. Qd2 Rxc4 26. Qxb4 Rxb4 27. Bxa6 Bxb2
28. Bd3 Nf6 29. Bd2 Rd4 30. Re3 Nxe4 31. Bxe4 Rxd2 32. Kf1 Bf6 33. Rd3 Rb2 34.
Bf3 h6 35. Be2 g5 36. Kf2 Kg7 37. Kf3 Rb4 38. Bd1 Kg6 39. Re3 gxf4 40. gxf4 Rb2
41. Re2 Rxe2 42. Bxe2 Bb2 43. Bd3+ Kf6 44. Ke4 e6 45. Bc4 Ke7 46. f5 e5 47. h4
Kf6 48. h5 1/2-1/2

[Event "49th Capablanca Mem Open I 2014"]
[Site "Havana CUB"]
[Date "2014.05.08"]
[Round "1.40"]
[White "Rodriguez, Adrien"]
[Black "Ordaz Valdes, Lisandra Teresa"]
[Result "1/2-1/2"]
[BlackTitle "WGM"]
[WhiteElo "2184"]
[BlackElo "2365"]
[WhiteFideId "20691866"]
[BlackFideId "3506940"]
[EventDate "2014.04.08"]

1. d4 Nf6 2. Nf3 e6 3. c4 d5 4. Nc3 Be7 5. e3 O-O 6. Bd3 c5 7. cxd5 exd5 8. dxc5
Bxc5 9. O-O Nc6 10. h3 Qe7 11. Re1 Rd8 12. Nd4 Ne5 13. Bb1 Bd7 14. Nf5 Qe8 15.
Qe2 Bb4 16. Rd1 Be6 17. Nb5 Bxf5 18. Bxf5 Qe7 19. a3 Ba5 20. b4 Bb6 21. Bb2 a6
22. Bd4 Bxd4 23. Nxd4 g6 24. Bd3 Rac8 25. Rac1 a5 26. Rxc8 Rxc8 27. bxa5 Qxa3
28. a6 bxa6 29. Bxa6 Rc1 30. Rxc1 Qxc1+ 31. Qf1 Qb2 32. Qb5 Qc1+ 33. Qf1 Qb2 34.
Qb5 Qc1+ 1/2-1/2

[Event "49th Capablanca Mem Open I 2014"]
[Site "Havana CUB"]
[Date "2014.05.08"]
[Round "1.41"]
[White "Ruiz C, Joshua D"]
[Black "Miranda Rodriguez, Tania"]
[Result "1-0"]
[WhiteTitle "IM"]
[BlackTitle "WFM"]
[WhiteElo "2362"]
[BlackElo "2161"]
[WhiteFideId "4400704"]
[BlackFideId "3510417"]
[EventDate "2014.04.08"]

1. e4 g6 2. d4 Bg7 3. Nc3 d6 4. Nge2 a6 5. a4 b6 6. Be3 Bb7 7. Qd2 Nd7 8. f3 c5
9. Nd1 h5 10. Nf2 Ngf6 11. h4 Rc8 12. c3 Qc7 13. g3 cxd4 14. cxd4 e6 15. Bg2 d5
16. e5 Ng8 17. g4 Qc2 18. a5 Bf8 19. Nd3 bxa5 20. Qxc2 Rxc2 21. Kd1 Rc8 22. Rxa5
Be7 23. Bf2 Bd8 24. Ra3 Be7 25. Ra2 Nb6 26. b3 Nd7 27. Kd2 Nb8 28. Nc3 Nc6 29.
Ra4 f6 30. exf6 Nxf6 31. g5 Nd7 32. Re1 Nb6 33. Raa1 Nd8 34. Bh3 Kf7 35. Re3 Re8
36. Rae1 Bd6 37. Ne2 Nd7 38. Bg3 Bxg3 39. Nxg3 Rc7 40. Ne2 Nf8 41. Nef4 Rce7 42.
Rc1 Kg7 43. Nc5 Kf7 44. Bf1 a5 45. Ncd3 Nc6 46. Rxc6 Bxc6 47. Ne5+ Kg7 48. Nxc6
Rf7 49. Nxd5 Rc8 50. Nde7 Rc7 51. Bc4 Rfxe7 52. Nxe7 Rxe7 53. Re5 Rf7 54. Rxa5
Rxf3 55. Ra7+ Rf7 56. Rxf7+ Kxf7 57. b4 Ke7 58. b5 Kd6 59. Bd3 e5 60. dxe5+ Kxe5
61. b6 Kd6 62. Be4 Nd7 63. b7 Kc7 64. Ke3 Nc5 65. Kf4 Nd7 66. Bxg6 Kxb7 67. Be8
Nf8 68. Kf5 Kc7 69. g6 Nxg6 70. Bxg6 Kd7 71. Kf6 1-0

[Event "49th Capablanca Mem Open I 2014"]
[Site "Havana CUB"]
[Date "2014.05.08"]
[Round "1.42"]
[White "Forgas Moreno, Yaniela"]
[Black "Hernandez Gonzalez, William"]
[Result "1/2-1/2"]
[WhiteTitle "WFM"]
[BlackTitle "FM"]
[WhiteElo "2158"]
[BlackElo "2356"]
[WhiteFideId "3508072"]
[BlackFideId "3509915"]
[EventDate "2014.04.08"]

1. e4 c5 2. Nf3 d6 3. d4 cxd4 4. Nxd4 Nf6 5. Nc3 a6 6. Be2 e5 7. Nb3 Be7 8. O-O
O-O 9. Kh1 b5 10. a4 b4 11. Nd5 Bb7 12. f3 Nxd5 13. exd5 Nd7 14. c3 bxc3 15.
bxc3 Rc8 16. c4 Bg5 17. Qd3 Bxc1 18. Rfxc1 Nc5 19. Nxc5 Rxc5 20. Rcb1 Bc8 21.
Rb8 Qg5 22. Qb3 g6 23. Qb6 Qf6 24. Rf1 Kg7 25. Ra8 h5 26. Qb8 h4 27. h3 Rd8 28.
Qb2 Qf4 29. Rb8 Kh7 30. Bd3 Qg5 31. f4 exf4 32. Qd4 Bxh3 33. Rb2 Bc8 34. Rxf4
Kg8 35. Rxh4 Qe5 36. Qf2 Re8 37. Bf1 Qg5 38. Rb3 Re5 39. Rf4 Rf5 40. Rxf5 Bxf5
41. Rb6 Qc1 42. Kh2 Qh6+ 43. Kg1 Qc1 44. Rb8+ Rc8 45. Rxc8+ Bxc8 46. Qb6 Bf5 47.
Qxd6 Qe3+ 48. Kh1 Qf2 49. Qb8+ Kh7 50. Qh2+ Kg8 51. Qb8+ Kh7 1/2-1/2

[Event "49th Capablanca Mem Open I 2014"]
[Site "Havana CUB"]
[Date "2014.05.08"]
[Round "1.43"]
[White "Perez Garcia, Rodney Oscar"]
[Black "Frometa Castillo, Zirka"]
[Result "1-0"]
[WhiteTitle "IM"]
[BlackTitle "WGM"]
[WhiteElo "2355"]
[BlackElo "2144"]
[WhiteFideId "3500918"]
[BlackFideId "3501434"]
[EventDate "2014.04.08"]

1. e4 c6 2. c4 g6 3. d4 Bg7 4. Nc3 d6 5. Nf3 Bg4 6. Be2 Nd7 7. O-O Qc7 8. Be3
Ngf6 9. Nd2 Bxe2 10. Qxe2 e5 11. d5 O-O 12. a3 h6 13. Rfd1 a6 14. Rab1 c5 15. b4
b6 16. Rb2 Nh7 17. Rdb1 f5 18. bxc5 dxc5 19. f3 f4 20. Bf2 g5 21. Qd1 Rf6 22. a4
a5 23. Nb3 Bf8 24. Nb5 Qd8 25. d6 Kh8 26. Qd5 Rg6 27. g4 Nhf6 28. Qd3 Ne8 29.
Rd1 Rc8 30. Rbd2 Nef6 31. Qc3 Qe8 32. Nc1 Bg7 33. Nd3 h5 34. Nc7 Qf7 35. Nxe5
Nxe5 36. Qxe5 hxg4 37. Qf5 Rd8 38. fxg4 Rh6 39. e5 Qxc4 40. exf6 Rxf6 41. Qxg5
Rfxd6 42. Ne8 1-0

[Event "49th Capablanca Mem Open I 2014"]
[Site "Havana CUB"]
[Date "2014.05.08"]
[Round "1.44"]
[White "Gonzalez Ochoa, Yoana"]
[Black "Gomez Fontal, Felix Manuel"]
[Result "0-1"]
[WhiteTitle "WFM"]
[BlackTitle "IM"]
[WhiteElo "2127"]
[BlackElo "2353"]
[WhiteFideId "3507629"]
[BlackFideId "3500357"]
[EventDate "2014.04.08"]

1. e4 e5 2. Nf3 Nc6 3. Bb5 a6 4. Ba4 Nf6 5. O-O Be7 6. Bxc6 dxc6 7. d3 Bd6 8. b3
O-O 9. Bb2 Re8 10. Nbd2 b5 11. Re1 c5 12. Nf1 Nh5 13. Ne3 Nf4 14. a4 c6 15. Qd2
f6 16. Nh4 Bf8 17. g3 Nh3+ 18. Kh1 Be6 19. Qe2 Qc7 20. Rf1 Rad8 21. Nef5 c4 22.
Qg4 Ng5 23. f4 Nf7 24. Ba3 c5 25. bxc4 bxc4 26. dxc4 Bxc4 27. Rfd1 Be6 28. Qf3
exf4 29. gxf4 Rxd1+ 30. Rxd1 Qc6 31. Ne3 Qxa4 32. Bb2 Bc8 33. c4 Bb7 34. Nd5
Qxc4 35. Rg1 Rxe4 36. Nxf6+ Kh8 37. Ng6+ hxg6 38. Qh3+ Nh6 39. Nd5 Rd4 0-1

[Event "49th Capablanca Mem Open I 2014"]
[Site "Havana CUB"]
[Date "2014.05.08"]
[Round "1.45"]
[White "Hernandez Marquez, Noel"]
[Black "Esquivel Golcher, Luis"]
[Result "1/2-1/2"]
[WhiteTitle "FM"]
[BlackTitle "FM"]
[WhiteElo "2353"]
[BlackElo "2124"]
[WhiteFideId "3506991"]
[BlackFideId "6600174"]
[EventDate "2014.04.08"]

1. e4 e6 2. Nf3 d5 3. Nc3 Nf6 4. e5 Nfd7 5. d4 c5 6. dxc5 Nc6 7. Bf4 Nxc5 8. Be2
Be7 9. O-O O-O 10. Nb5 a6 11. Nbd4 f6 12. Nxc6 bxc6 13. exf6 Bxf6 14. Be5 Bxe5
15. Nxe5 Qc7 16. f4 Nd7 17. Nd3 c5 1/2-1/2

[Event "49th Capablanca Mem Open I 2014"]
[Site "Havana CUB"]
[Date "2014.05.08"]
[Round "1.46"]
[White "Ginesta Caballero, Olga Lucia"]
[Black "Mendez Fortes, Eduardo Jesus"]
[Result "0-1"]
[WhiteTitle "WFM"]
[BlackTitle "FM"]
[WhiteElo "2124"]
[BlackElo "2347"]
[WhiteFideId "3508234"]
[BlackFideId "3502376"]
[EventDate "2014.04.08"]

1. c4 e5 2. Nc3 Nf6 3. g3 d5 4. cxd5 Nxd5 5. Bg2 Nb6 6. Nf3 Nc6 7. O-O Be7 8. d3
Be6 9. b3 O-O 10. Bb2 f6 11. Rc1 Qd7 12. Re1 Rfd8 13. Ne4 a5 14. a4 Bb4 15. Nc5
Bxc5 16. Rxc5 e4 17. Nh4 Qf7 18. Rb5 Na7 19. Rxa5 Bxb3 20. Qc1 exd3 21. exd3 Bd5
22. Nf5 Nc6 23. Rc5 Bxg2 24. Rxc6 Bxc6 25. Re7 Qd5 26. Rxg7+ Kf8 27. Rg8+ Qxg8
28. Qh6+ Ke8 29. Qxf6 Kd7 30. Qe7+ Kc8 31. Be5 Nd5 32. Qc5 Qf8 0-1